| 000 | 00410nam a22001217a 4500 | ||
|---|---|---|---|
| 082 | _a220 PRO | ||
| 100 |
_aSuhaib Tanveer Ali Zahid Abdur Rehman M. Talal Akhtar _971733 |
||
| 245 | _aPR-SOF-1670-AUTOMATED GREENHOUSE SYSTEM | ||
| 260 |
_aISLAMABAD _bNUST COLLEGE OF EME _c2018 |
||
| 650 |
_aDE-MTS-36 _971734 |
||
| 700 |
_aSupervised by Dr. Umar Shahbaz Khan Dr. Amir Hamza Col Nasir Rashid _971735 |
||
| 942 | _cCR | ||
| 999 |
_c578095 _d578095 |
||